| 000 | 00529nam a2200181Ia 4500 | ||
|---|---|---|---|
| 001 | 35560 | ||
| 003 | Ost | ||
| 005 | 20260507160530.0 | ||
| 008 | 251113s9999||||xx |||||||||||||| ||eng|| | ||
| 040 | _cnitttr | ||
| 041 | _aeng | ||
| 082 |
_aTK7895.E42 _bA33 2013eb |
||
| 100 | _aCarro, Luigi. | ||
| 245 | 0 |
_aAdaptable Embedded Systems / _cCarro, Luigi., Lang Lisbo?a, Carlos Arthur., Beck Fl., Antonio Carlos Schneider |
|
| 700 | _a Beck Fl., Antonio Carlos Schneider | ||
| 700 | _a Lang Lisbo?a, Carlos Arthur. | ||
| 942 | _cBK | ||
| 999 |
_c33099 _d33099 |
||